Essential church? : (Record no. 8718)
[ view plain ]
| 000 -LEADER | |
|---|---|
| fixed length control field | 02405cam a2200361 a 4500 |
| 001 - CONTROL NUMBER | |
| control field | 15782339 |
| 003 - CONTROL NUMBER IDENTIFIER | |
| control field | GBCCL |
| 005 - DATE AND TIME OF LATEST TRANSACTION | |
| control field | 20241126110657.0 |
| 008 - FIXED-LENGTH DATA ELEMENTS--GENERAL INFORMATION | |
| fixed length control field | 090619s2008 tnua b 000 0 eng |
| 010 ## - | |
| -- | 2009284320 |
| 020 ## - INTERNATIONAL STANDARD BOOK NUMBER | |
| International Standard Book Number | 9780805443929 |
| 020 ## - INTERNATIONAL STANDARD BOOK NUMBER | |
| International Standard Book Number | 0805443924 |
| 040 ## - CATALOGING SOURCE | |
| Original cataloging agency | DLC |
| Transcribing agency | DLC |
| Modifying agency | DLC |
| 050 00 - | |
| -- | BV652.25 |
| -- | .R363 2008 |
| 082 ## - DEWEY DECIMAL CLASSIFICATION NUMBER | |
| Classification number | 262 |
| Item number | RAI |
| 100 1# - MAIN ENTRY--PERSONAL NAME | |
| Personal name | Rainer, Thom S. |
| 9 (RLIN) | 15370 |
| 245 10 - TITLE STATEMENT | |
| Title | Essential church? : |
| Remainder of title | reclaiming a generation of dropouts / |
| Statement of responsibility, etc. | Thom S. Rainer and Sam S. Rainer III. |
| 260 ## - PUBLICATION, DISTRIBUTION, ETC. | |
| Place of publication, distribution, etc. | Nashville : |
| Name of publisher, distributor, etc. | B & H Books, |
| Date of publication, distribution, etc. | c2008. |
| 300 ## - PHYSICAL DESCRIPTION | |
| Extent | xi, 259 p. : |
| Other physical details | ill. ; |
| Dimensions | 24 cm. |
| 504 ## - BIBLIOGRAPHY, ETC. NOTE | |
| Bibliography, etc. note | Includes bibliographical references (p. 256-259). |
| 505 0# - FORMATTED CONTENTS NOTE | |
| Formatted contents note | My faith is not my parents' faith -- Looking for a different kind of community -- That's life! It changes -- New spin on hypocrisy -- All eyes on the main man -- Essential church and the back door -- Simplify: getting the structure right -- Deepen: getting the content right -- Expect: getting the attitude right -- Multiply: getting the action right -- Building an essential church: a case study. |
| 520 ## - SUMMARY, ETC. | |
| Summary, etc. | Why do so many young adults (18 to 22) leave the church, and what will it take to bring them back? This important question is examined and duly answered in Essential Church? The book is based on a study of one-thousand so-called "church dropouts" who were interviewed about why they left. Their answers are quite surprising, having less to do with "losing their religion" and more about the desire for a community that isn't made stale by simply maintaining the status quo. In turn, the Rainers offer churches four concrete solutions toward making their worship community an essential part these young people's lives again: simplify, deepen, expect, and multiply. -- from publisher description |
| 650 #0 - SUBJECT ADDED ENTRY--TOPICAL TERM | |
| Topical term or geographic name entry element | Church growth. |
| 9 (RLIN) | 291 |
| 650 #0 - SUBJECT ADDED ENTRY--TOPICAL TERM | |
| Topical term or geographic name entry element | Ex-church members. |
| 9 (RLIN) | 6959 |
| 650 #0 - SUBJECT ADDED ENTRY--TOPICAL TERM | |
| Topical term or geographic name entry element | Church attendance. |
| 9 (RLIN) | 15371 |
| 650 #0 - SUBJECT ADDED ENTRY--TOPICAL TERM | |
| Topical term or geographic name entry element | Church work with young adults. |
| 9 (RLIN) | 2902 |
| 700 1# - ADDED ENTRY--PERSONAL NAME | |
| Personal name | Rainer, Sam S. |
| 9 (RLIN) | 15372 |
| 856 42 - ELECTRONIC LOCATION AND ACCESS | |
| Materials specified | Contributor biographical information |
| Uniform Resource Identifier | <a href="http://www.loc.gov/catdir/enhancements/fy0913/2009284320-b.html">http://www.loc.gov/catdir/enhancements/fy0913/2009284320-b.html</a> |
| 856 42 - ELECTRONIC LOCATION AND ACCESS | |
| Materials specified | Publisher description |
| Uniform Resource Identifier | <a href="http://www.loc.gov/catdir/enhancements/fy0913/2009284320-d.html">http://www.loc.gov/catdir/enhancements/fy0913/2009284320-d.html</a> |
| 906 ## - LOCAL DATA ELEMENT F, LDF (RLIN) | |
| a | 7 |
| b | cbc |
| c | origres |
| d | 2 |
| e | ncip |
| f | 20 |
| g | y-gencatlg |
| 942 ## - ADDED ENTRY ELEMENTS (KOHA) | |
| Source of classification or shelving scheme | Dewey Decimal Classification |
| Koha item type | Books |
| Koha issues (borrowed), all copies | 7 |
| Withdrawn status | Lost status | Source of classification or shelving scheme | Damaged status | Not for loan | Home library | Current Library | Shelving location | Date acquired | Total checkouts | Total renewals | Full call number | Barcode | Date last seen | Date last checked out | Copy number | Price effective from | Koha item type |
|---|---|---|---|---|---|---|---|---|---|---|---|---|---|---|---|---|---|
| Dewey Decimal Classification | GRACE BIBLE COLLEGE | GRACE BIBLE COLLEGE | Ministry & Mission | 2021-09-08 | 9 | 2 | 262 RAI | 004858 | 2025-08-20 | 2025-08-13 | c.1 | 2021-09-08 | Books | ||||
| Dewey Decimal Classification | GRACE BIBLE COLLEGE | GRACE BIBLE COLLEGE | Ministry & Mission | 2025-01-24 | 262 RAI | 020951 | 2025-05-01 | c.1 | 2025-01-24 | Books |